[Event "Sonipat Prakash Singh Memorial 1st"]
[Site "Sonipat"]
[Date "2017.04.17"]
[Round "2"]
[White "Saravana, Krishnan P"]
[Black "Ankit, Payal"]
[Result "1-0"]
[WhiteElo "2347"]
[BlackElo "1631"]
[PlyCount "61"]
[EventDate "2017.04.17"]
[EventType "swiss"]
[EventRounds "10"]
[EventCountry "IND"]
[SourceTitle "CBM 177 Extra"]
[Source "ChessBase"]
[SourceDate "2017.04.27"]
[SourceVersion "1"]
[SourceVersionDate "2017.04.27"]
[SourceQuality "1"]

1. e4 c6 2. d4 d5 3. e5 Bf5 4. Nd2 e6 5. Nb3 Nd7 6. Nf3 h6 7. Be2 Ne7 8. 0-0 Bh7 9. a4 Nf5 10. Bd2 Be7 11. g4 Nh4 12. Nxh4 Bxh4 13. f4 0-0 14. Be3 Rc8 15. Bd3 Bxd3 16. Qxd3 b6 17. Nd2 c5 18. c3 cxd4 19. cxd4 f5 20. Kh1 Be7 21. Rg1 Kh8 22. Rg2 Qe8 23. Rag1 fxg4 24. Rxg4 Qf7 25. Rg6 Rg8 26. f5 Nf8 27. fxe6 Nxe6 28. Bxh6 Nf8 29. Qh3 Nh7 30. Bxg7+ Rxg7 31. Rxg7 1-0